000 00581nam a2200229Ia 4500
003 OSt
005 20220924141150.0
006 a|||||r|||| 00| 0
007 ta
008 220923b |||||||| |||| 00| 0 ben d
024 _a297346
037 _cTextual
040 _aARTS
_cARTS
_bben
041 _2ben
_aben
082 _aO157,3NBA8,13, M7
100 _aBandyopadhyay Atin
_9211930
245 0 _aMrinmayee
260 _c1987
650 _aBENGALI LITERATURE
942 _hO157,3NBA8,13, M7
_cTEXL
_2CC
999 _c446409
_d446409